书目信息 |
| 题名: |
王申勇花鸟(动物)画新作
|
|
| 作者: | 王申勇 绘 ;李克竣 主编 | |
| 分册: | ||
| 出版信息: | 大连 大连出版社 2008.01 |
|
| 页数: | 46页 | |
| 开本: | 29cm | |
| 丛书名: | 国画导学范本 | |
| 单 册: | ||
| 中图分类: | J222.7 | |
| 科图分类: | ||
| 主题词: | 花鸟画--hua niao hua--中国--现代--作品集 | |
| 电子资源: | ||
| ISBN: | 978-7-80684-601-8 | |
| 000 | 00927nam 2200265 450 | |
| 001 | 012008531467 | |
| 005 | 20080523084333.40 | |
| 010 | @a978-7-80684-601-8@dCNY25.00 | |
| 100 | @a20080523d2008 em y0chiy0120 ea | |
| 101 | 0 | @achi |
| 102 | @aCN@b210000 | |
| 105 | @aac z 000yy | |
| 106 | @ar | |
| 200 | 1 | @a王申勇花鸟(动物)画新作@Awang shen yong hua niao(dong wu)hua xin zuo@f李克竣主编@Fli ke jun zhu bian |
| 210 | @a大连@c大连出版社@d2008.01 | |
| 215 | @a46页@c图, 肖像@d29cm | |
| 225 | 2 | @a国画导学范本@Aguo hua dao xue fan ben |
| 330 | @a本书收录的画有:大熊猫,春意浓浓,母爱,觅,欲食,闲息,遐思,猴趣图,栖息,凝视,春风得意,寻,母子情深等。 | |
| 410 | 0 | @12001 @a国画导学范本 |
| 606 | 0 | @a花鸟画@Ahua niao hua@y中国@z现代@j作品集 |
| 690 | @aJ222.7@v4 | |
| 701 | 0 | @a王申勇@Awang shen yong@4绘 |
| 702 | 0 | @a李克竣@Ali ke jun@4主编 |
| 801 | 0 | @aCN@bQSSK@c20080523 |
| 905 | @b713097-99@dJ222.7@eW348@f3 | |
| 王申勇花鸟(动物)画新作/李克竣主编.-大连:大连出版社,2008.01 |
| 46页:图, 肖像;29cm.-(国画导学范本) |
| ISBN 978-7-80684-601-8:CNY25.00 |
| 本书收录的画有:大熊猫,春意浓浓,母爱,觅,欲食,闲息,遐思,猴趣图,栖息,凝视,春风得意,寻,母子情深等。 |
| ● |
| 相关链接 |
|
|
|
正题名:王申勇花鸟(动物)画新作
索取号:J222.7/W348
 
预约/预借
| 序号 | 登录号 | 条形码 | 馆藏地/架位号 | 状态 | 备注 |
| 1 | 713097 | 207130978 | 社科库309/309社科库 75排3列4层/ [索取号:J222.7/W348] | 在馆 | |
| 2 | 713098 | 207130987 | 社科库309/309社科库 75排3列4层/ [索取号:J222.7/W348] | 在馆 | |
| 3 | 713099 | 207130996 | 社科库309/309社科库 75排3列4层/ [索取号:J222.7/W348] | 在馆 |